|
|
|
|
| LEADER |
01365nam a22002897a 4500 |
| 001 |
33936 |
| 003 |
BD-DhAAL |
| 005 |
20181112161912.0 |
| 008 |
181112r19912017bg a|||| |||| 00| 0 ben d |
| 999 |
|
|
|c 40194
|d 40194
|
| 020 |
|
|
|a 9789845980241
|
| 040 |
|
|
|a BD-DhAAL
|
| 041 |
|
|
|a ben
|
| 082 |
|
|
|2 22
|a 954.9205092
|
| 100 |
|
|
|a পেইন, রবার্ট
|9 28839
|
| 245 |
|
|
|a পাকিস্তানের কারাগারে বঙ্গবন্ধু /
|c রবার্ট পেইন; ভাবানুবাদ ওবায়দুল কাদের
|
| 246 |
|
|
|a Pakistaner karagare bangabandhu
|
| 260 |
|
|
|a ঢাকা :
|b চারুলিপি প্রকাশন,
|c ১৯৯১ [২০১৭ পঞ্চম মুদ্রণ]
|
| 300 |
|
|
|a ১৪১ পৃষ্ঠা :
|b চিত্র ;
|c ২২ সে.মি.
|
| 526 |
|
|
|a AAL
|
| 541 |
|
|
|a Boibazar.com
|e 33936
|
| 600 |
|
|
|a Mujibur Rahman,
|c Sheikh,
|d 1920-1975
|x Political and social views
|9 28840
|
| 651 |
|
|
|a Bangladesh
|x Politics and government
|9 28841
|
| 700 |
|
|
|a কাদের, ওবায়দুল
|9 28842
|
| 852 |
|
|
|a Ayesha Abed Library
|c Bangabandhu Corner
|
| 942 |
|
|
|2 ddc
|c BK
|
| 952 |
|
|
|0 0
|1 0
|2 ddc
|4 0
|6 954_920509200000000_PAI
|7 0
|9 64587
|a BRACUL
|b BRACUL
|c BNC
|d 2018-11-01
|e Boibazar.com
|g 213.00
|l 0
|o 954.9205092 PAI
|p 3010033936
|r 2018-11-01
|t 1
|v 213.00
|w 2018-11-01
|y BK
|